[Event "DEM U10 2021"]
[Site "Willingen GER"]
[Date "2021.08.29"]
[Round "11"]
[White "Allen, Phillipp"]
[Black "Burban, Victor"]
[Result "1-0"]
[Termination "normal"]
[Board "14"]
[WhiteElo "1510"]
[BlackElo "1215"]
[WhiteClock "00:48:04"]
[BlackClock "00:13:13"]
[PlyCount "105"]
[WhiteFideId "16272846"]
[BlackFideId "34609032"]
[EventCountry "GER"]
[EventRounds "11"]
[EventType "swiss"]
[EventDate "2021.08.22"]

1. e4 {[%clk 01:15:56]} {[%emt 00:00:03]} e6 {[%clk 01:15:57]} {[%emt
00:00:03]} 2. c4 {[%clk 01:16:13]} {[%emt 00:00:14]} d5 {[%clk 01:16:20]}
{[%emt 00:00:07]} 3. cxd5 {[%clk 01:16:36]} {[%emt 00:00:07]} exd5 {[%clk
01:16:37]} {[%emt 00:00:13]} 4. exd5 {[%clk 01:16:44]} {[%emt 00:00:22]} Nf6
{[%clk 01:16:45]} {[%emt 00:00:22]} 5. Nc3 {[%clk 01:16:55]} {[%emt 00:00:19]}
Nxd5 {[%clk 01:16:46]} {[%emt 00:00:27]} 6. d4 {[%clk 01:17:08]} {[%emt
00:00:18]} c6 {[%clk 01:14:13]} {[%emt 00:03:04]} 7. Bc4 {[%clk 01:17:17]}
{[%emt 00:00:21]} Be6 {[%clk 01:13:19]} {[%emt 00:01:24]} 8. Qb3 {[%clk
01:14:57]} {[%emt 00:02:49]} Qd7 {[%clk 01:08:24]} {[%emt 00:05:26]} 9. Nf3
{[%clk 01:14:22]} {[%emt 00:01:04]} Nxc3 {[%clk 01:04:50]} {[%emt 00:04:03]}
10. Bxe6 {[%clk 01:14:19]} {[%emt 00:00:34]} Qxe6+ {[%clk 01:04:19]} {[%emt
00:01:00]} 11. Qxe6+ {[%clk 01:14:42]} {[%emt 00:00:08]} fxe6 {[%clk 01:04:18]}
{[%emt 00:00:30]} 12. bxc3 {[%clk 01:15:09]} {[%emt 00:00:04]} Bd6 {[%clk
01:01:42]} {[%emt 00:03:07]} 13. O-O {[%clk 01:15:07]} {[%emt 00:00:30]} O-O
{[%clk 01:00:54]} {[%emt 00:01:19]} 14. Re1 {[%clk 01:14:00]} {[%emt 00:01:37]}
Re8 {[%clk 01:00:30]} {[%emt 00:00:55]} 15. Ng5 {[%clk 01:14:14]} {[%emt
00:00:21]} e5 {[%clk 00:55:57]} {[%emt 00:04:58]} 16. f4 {[%clk 01:13:57]}
{[%emt 00:00:48]} Nd7 {[%clk 00:51:15]} {[%emt 00:05:12]} 17. fxe5 {[%clk
01:14:06]} {[%emt 00:00:21]} h6 {[%clk 00:45:47]} {[%emt 00:05:57]} 18. Ne4
{[%clk 01:14:10]} {[%emt 00:00:26]} Bf8 {[%clk 00:43:35]} {[%emt 00:02:42]} 19.
a4 {[%clk 01:14:25]} {[%emt 00:00:15]} c5 {[%clk 00:39:10]} {[%emt 00:04:55]}
20. Ba3 {[%clk 01:14:15]} {[%emt 00:00:40]} Rac8 {[%clk 00:35:51]} {[%emt
00:03:50]} 21. Ng3 {[%clk 01:08:13]} {[%emt 00:06:31]} cxd4 {[%clk 00:33:57]}
{[%emt 00:02:24]} 22. Bxf8 {[%clk 01:07:44]} {[%emt 00:00:59]} Kxf8 {[%clk
00:33:55]} {[%emt 00:00:32]} 23. cxd4 {[%clk 01:07:48]} {[%emt 00:00:26]} Rc4
{[%clk 00:30:39]} {[%emt 00:03:46]} 24. Nf5 {[%clk 01:06:31]} {[%emt 00:01:46]}
Re6 {[%clk 00:29:47]} {[%emt 00:01:23]} 25. Rf1 {[%clk 01:05:46]} {[%emt
00:01:16]} Kg8 {[%clk 00:28:56]} {[%emt 00:01:21]} 26. Rf4 {[%clk 01:02:36]}
{[%emt 00:03:39]} Nxe5 {[%clk 00:26:19]} {[%emt 00:03:06]} 27. Re4 {[%clk
01:01:40]} {[%emt 00:01:27]} Kh7 {[%clk 00:23:17]} {[%emt 00:03:33]} 28. Rxe5
{[%clk 01:01:14]} {[%emt 00:00:56]} Rxe5 {[%clk 00:23:07]} {[%emt 00:00:40]}
29. dxe5 {[%clk 01:01:32]} {[%emt 00:00:11]} Re4 {[%clk 00:23:14]} {[%emt
00:00:23]} 30. Nd6 {[%clk 01:01:43]} {[%emt 00:00:19]} Rxe5 {[%clk 00:23:25]}
{[%emt 00:00:19]} 31. Nxb7 {[%clk 01:02:03]} {[%emt 00:00:11]} Re4 {[%clk
00:23:00]} {[%emt 00:00:55]} 32. a5 {[%clk 01:02:04]} {[%emt 00:00:28]} Rb4
{[%clk 00:22:44]} {[%emt 00:00:46]} 33. a6 {[%clk 01:02:24]} {[%emt 00:00:10]}
Rb6 {[%clk 00:22:36]} {[%emt 00:00:38]} 34. Kf2 {[%clk 01:01:19]} {[%emt
00:01:35]} Rb2+ {[%clk 00:22:41]} {[%emt 00:00:26]} 35. Ke3 {[%clk 01:00:07]}
{[%emt 00:01:41]} Rxg2 {[%clk 00:22:03]} {[%emt 00:01:07]} 36. Nd8 {[%clk
01:00:21]} {[%emt 00:00:18]} Rc2 {[%clk 00:20:56]} {[%emt 00:01:38]} 37. Ke4
{[%clk 00:58:07]} {[%emt 00:02:42]} Rc8 {[%clk 00:20:12]} {[%emt 00:01:15]} 38.
Nb7 {[%clk 00:58:02]} {[%emt 00:00:35]} Rc2 {[%clk 00:19:20]} {[%emt 00:01:22]}
39. Kd5 {[%clk 00:57:18]} {[%emt 00:01:14]} h5 {[%clk 00:18:03]} {[%emt
00:01:47]} 40. Na5 {[%clk 00:52:44]} {[%emt 00:05:03]} Rc7 {[%clk 00:16:54]}
{[%emt 00:01:39]} 41. Nc6 {[%clk 00:47:19]} {[%emt 00:05:55]} Rf7 {[%clk
00:15:32]} {[%emt 00:01:53]} 42. Rb1 {[%clk 00:46:50]} {[%emt 00:00:59]} Rf2
{[%clk 00:15:20]} {[%emt 00:00:41]} 43. Nxa7 {[%clk 00:46:22]} {[%emt
00:00:59]} Rxh2 {[%clk 00:14:16]} {[%emt 00:01:34]} 44. Nc6 {[%clk 00:46:43]}
{[%emt 00:00:09]} Ra2 {[%clk 00:14:13]} {[%emt 00:00:34]} 45. a7 {[%clk
00:47:06]} {[%emt 00:00:07]} Kh6 {[%clk 00:13:05]} {[%emt 00:01:37]} 46. Rb8
{[%clk 00:47:15]} {[%emt 00:00:21]} g5 {[%clk 00:12:43]} {[%emt 00:00:52]} 47.
a8=Q {[%clk 00:47:34]} {[%emt 00:00:12]} Rxa8 {[%clk 00:12:49]} {[%emt
00:00:24]} 48. Rxa8 {[%clk 00:48:03]} {[%emt 00:00:01]} h4 {[%clk 00:12:50]}
{[%emt 00:00:28]} 49. Ke4 {[%clk 00:46:33]} {[%emt 00:01:59]} Kg7 {[%clk
00:12:32]} {[%emt 00:00:49]} 50. Kf3 {[%clk 00:46:51]} {[%emt 00:00:11]} h3
{[%clk 00:12:36]} {[%emt 00:00:27]} 51. Kg3 {[%clk 00:47:13]} {[%emt 00:00:07]}
g4 {[%clk 00:12:51]} {[%emt 00:00:15]} 52. Kxg4 {[%clk 00:47:37]} {[%emt
00:00:06]} h2 {[%clk 00:13:13]} {[%emt 00:00:08]} 53. Ra1 {[%clk 00:48:04]}
{[%emt 00:00:03]} 1-0

[Event "DEM U10 2021"]
[Site "Willingen GER"]
[Date "2021.08.29"]
[Round "11"]
[White "Junge, Mattheo Gabriel"]
[Black "Zhang, Yibo"]
[Result "1/2-1/2"]
[Termination "normal"]
[Board "15"]
[WhiteElo "1451"]
[BlackElo "1313"]
[WhiteClock "00:36:24"]
[BlackClock "00:30:07"]
[PlyCount "64"]
[WhiteFideId "34605908"]
[BlackFideId "16287657"]
[EventCountry "GER"]
[EventRounds "11"]
[EventType "swiss"]
[EventDate "2021.08.22"]

1. e4 {[%clk 01:15:56]} {[%emt 00:00:03]} e5 {[%clk 01:15:56]} {[%emt
00:00:04]} 2. Nf3 {[%clk 01:15:57]} {[%emt 00:00:29]} Nc6 {[%clk 01:16:19]}
{[%emt 00:00:07]} 3. Bc4 {[%clk 01:16:05]} {[%emt 00:00:22]} Bc5 {[%clk
01:16:38]} {[%emt 00:00:11]} 4. c3 {[%clk 01:15:51]} {[%emt 00:00:45]} Nf6
{[%clk 01:17:01]} {[%emt 00:00:06]} 5. d4 {[%clk 01:15:53]} {[%emt 00:00:28]}
exd4 {[%clk 01:17:26]} {[%emt 00:00:05]} 6. O-O {[%clk 01:15:56]} {[%emt
00:00:28]} Nxe4 {[%clk 01:17:47]} {[%emt 00:00:07]} 7. cxd4 {[%clk 01:15:50]}
{[%emt 00:00:37]} d5 {[%clk 01:17:56]} {[%emt 00:00:21]} 8. dxc5 {[%clk
01:15:34]} {[%emt 00:00:46]} dxc4 {[%clk 01:18:16]} {[%emt 00:00:10]} 9. Qe2
{[%clk 01:15:25]} {[%emt 00:00:39]} Qd3 {[%clk 01:18:23]} {[%emt 00:00:22]} 10.
Re1 {[%clk 01:15:13]} {[%emt 00:00:43]} Qxe2 {[%clk 01:14:35]} {[%emt
00:04:18]} 11. Rxe2 {[%clk 01:15:32]} {[%emt 00:00:11]} f5 {[%clk 01:14:55]}
{[%emt 00:00:10]} 12. Nbd2 {[%clk 01:15:31]} {[%emt 00:00:31]} O-O {[%clk
01:13:47]} {[%emt 00:01:38]} 13. Nxe4 {[%clk 01:15:51]} {[%emt 00:00:10]} fxe4
{[%clk 01:14:10]} {[%emt 00:00:07]} 14. Rxe4 {[%clk 01:15:49]} {[%emt
00:00:31]} b5 {[%clk 01:07:40]} {[%emt 00:07:01]} 15. cxb6 {[%clk 01:14:13]}
{[%emt 00:01:59]} axb6 {[%clk 01:05:15]} {[%emt 00:03:03]} 16. Rxc4 {[%clk
01:14:20]} {[%emt 00:00:22]} Na5 {[%clk 01:05:20]} {[%emt 00:00:25]} 17. Rxc7
{[%clk 01:14:06]} {[%emt 00:00:44]} Nb3 {[%clk 01:05:40]} {[%emt 00:00:10]} 18.
Rb1 {[%clk 01:13:39]} {[%emt 00:00:58]} Bf5 {[%clk 01:05:57]} {[%emt 00:00:12]}
19. axb3 {[%clk 01:13:01]} {[%emt 00:01:09]} Bxb1 {[%clk 01:05:54]} {[%emt
00:00:33]} 20. h3 {[%clk 01:12:02]} {[%emt 00:01:28]} Rad8 {[%clk 01:05:53]}
{[%emt 00:00:31]} 21. Be3 {[%clk 01:11:40]} {[%emt 00:00:51]} b5 {[%clk
01:04:45]} {[%emt 00:01:39]} 22. Nd4 {[%clk 01:01:09]} {[%emt 00:11:01]} Ba2
{[%clk 00:57:16]} {[%emt 00:07:59]} 23. Ne6 {[%clk 00:59:44]} {[%emt 00:01:55]}
Rf7 {[%clk 00:57:06]} {[%emt 00:00:40]} 24. Rc5 {[%clk 00:54:24]} {[%emt
00:05:50]} Rb8 {[%clk 00:52:46]} {[%emt 00:04:50]} 25. Nd4 {[%clk 00:52:09]}
{[%emt 00:02:45]} h6 {[%clk 00:52:08]} {[%emt 00:01:08]} 26. Nc6 {[%clk
00:50:32]} {[%emt 00:02:07]} Re8 {[%clk 00:42:31]} {[%emt 00:10:06]} 27. Rxb5
{[%clk 00:48:51]} {[%emt 00:02:13]} Rc7 {[%clk 00:42:17]} {[%emt 00:00:44]} 28.
Nd4 {[%clk 00:45:13]} {[%emt 00:04:07]} Ra8 {[%clk 00:39:01]} {[%emt 00:03:46]}
29. Ne6 {[%clk 00:43:48]} {[%emt 00:01:55]} Re7 {[%clk 00:37:00]} {[%emt
00:02:32]} 30. Nc5 {[%clk 00:40:44]} {[%emt 00:03:33]} Kf7 {[%clk 00:35:06]}
{[%emt 00:02:24]} 31. Nd3 {[%clk 00:39:09]} {[%emt 00:02:02]} Rd8 {[%clk
00:30:44]} {[%emt 00:04:56]} 32. Ne5+ {[%clk 00:36:24]} {[%emt 00:03:14]} Kg8
{[%clk 00:30:07]} {[%emt 00:01:06]} 1/2-1/2

[Event "DEM U10 2021"]
[Site "Willingen GER"]
[Date "2021.08.29"]
[Round "11"]
[White "Payyappat, Sayas"]
[Black "Pflugbeil, Julian"]
[Result "0-1"]
[Termination "normal"]
[Board "16"]
[WhiteElo "1233"]
[BlackElo "1368"]
[WhiteClock "00:35:35"]
[BlackClock "01:00:34"]
[PlyCount "82"]
[WhiteFideId "25659260"]
[BlackFideId "34608850"]
[EventCountry "GER"]
[EventRounds "11"]
[EventType "swiss"]
[EventDate "2021.08.22"]

1. d4 {[%clk 01:15:58]} {[%emt 00:00:01]} Nf6 {[%clk 01:15:55]} {[%emt
00:00:05]} 2. Bf4 {[%clk 01:16:19]} {[%emt 00:00:09]} d6 {[%clk 01:16:20]}
{[%emt 00:00:06]} 3. e3 {[%clk 01:15:55]} {[%emt 00:00:54]} g6 {[%clk
01:16:45]} {[%emt 00:00:04]} 4. Nd2 {[%clk 01:15:57]} {[%emt 00:00:28]} Bg7
{[%clk 01:16:38]} {[%emt 00:00:38]} 5. Ngf3 {[%clk 01:15:29]} {[%emt 00:00:57]}
O-O {[%clk 01:16:39]} {[%emt 00:00:30]} 6. Be2 {[%clk 01:15:29]} {[%emt
00:00:29]} Nbd7 {[%clk 01:17:02]} {[%emt 00:00:08]} 7. c3 {[%clk 01:14:57]}
{[%emt 00:01:03]} Re8 {[%clk 01:17:24]} {[%emt 00:00:08]} 8. Nc4 {[%clk
01:14:01]} {[%emt 00:01:24]} Nd5 {[%clk 01:16:19]} {[%emt 00:01:36]} 9. Bg3
{[%clk 01:13:01]} {[%emt 00:01:29]} N7b6 {[%clk 01:13:22]} {[%emt 00:03:28]}
10. Qc2 {[%emt 00:03:54]} Nf6 {[%clk 01:12:36]} {[%emt 00:00:37]} 11. Ncd2
{[%clk 01:09:13]} {[%emt 00:01:31]} Be6 {[%clk 01:10:51]} {[%emt 00:02:15]} 12.
h3 {[%clk 01:04:21]} {[%emt 00:05:23]} c6 {[%clk 01:09:57]} {[%emt 00:01:26]}
13. Bh2 {[%clk 01:00:36]} {[%emt 00:04:12]} d5 {[%clk 01:08:47]} {[%emt
00:01:42]} 14. Ne5 {[%clk 00:59:27]} {[%emt 00:01:37]} Nbd7 {[%clk 01:08:52]}
{[%emt 00:00:27]} 15. g4 {[%clk 00:57:29]} {[%emt 00:02:27]} c5 {[%clk
01:08:08]} {[%emt 00:01:16]} 16. g5 {[%emt 00:02:14]} Nxe5 {[%clk 01:07:53]}
{[%emt 00:00:18]} 17. Bxe5 {[%clk 00:56:00]} {[%emt 00:00:41]} Bf5 {[%clk
01:07:54]} {[%emt 00:00:28]} 18. Qd1 {[%clk 00:55:05]} {[%emt 00:01:23]} Nd7
{[%clk 01:07:08]} {[%emt 00:01:18]} 19. Bxg7 {[%clk 00:54:52]} {[%emt
00:00:44]} Kxg7 {[%clk 01:07:11]} {[%emt 00:00:26]} 20. Bg4 {[%clk 00:52:48]}
{[%emt 00:02:33]} Bd3 {[%clk 01:06:11]} {[%emt 00:01:32]} 21. Be2 {[%clk
00:52:10]} {[%emt 00:01:06]} Bxe2 {[%clk 01:05:27]} {[%emt 00:01:15]} 22. Qxe2
{[%clk 00:51:48]} {[%emt 00:00:50]} cxd4 {[%clk 01:05:52]} {[%emt 00:00:07]}
23. exd4 {[%clk 00:49:42]} {[%emt 00:02:36]} e5 {[%clk 01:06:17]} {[%emt
00:00:07]} 24. O-O-O {[%clk 00:49:15]} {[%emt 00:00:56]} exd4 {[%clk 01:06:41]}
{[%emt 00:00:06]} 25. Qd3 {[%emt 00:00:43]} dxc3 {[%clk 01:07:08]} {[%emt
00:00:02]} 26. Qxc3+ {[%clk 00:49:22]} {[%emt 00:00:11]} Kg8 {[%clk 01:07:35]}
{[%emt 00:00:03]} 27. Kb1 {[%clk 00:49:35]} {[%emt 00:00:14]} Qxg5 {[%clk
01:07:48]} {[%emt 00:00:19]} 28. Rdg1 {[%clk 00:48:53]} {[%emt 00:01:11]} Qe5
{[%clk 01:07:37]} {[%emt 00:00:43]} 29. Qb3 {[%clk 00:45:15]} {[%emt 00:04:05]}
Nb6 {[%clk 01:07:16]} {[%emt 00:00:54]} 30. Nf3 {[%clk 00:41:39]} {[%emt
00:04:01]} Qe2 {[%clk 01:07:03]} {[%emt 00:00:48]} 31. Rh2 {[%clk 00:40:32]}
{[%emt 00:01:28]} Nc4 {[%clk 01:07:10]} {[%emt 00:00:29]} 32. Ka1 {[%clk
00:37:25]} {[%emt 00:03:39]} Rac8 {[%clk 01:06:06]} {[%emt 00:01:26]} 33. a3
{[%clk 00:36:55]} {[%emt 00:01:07]} Qe7 {[%clk 01:01:50]} {[%emt 00:04:46]} 34.
Rhg2 {[%clk 00:35:46]} {[%emt 00:01:39]} Rc6 {[%clk 01:02:02]} {[%emt
00:00:18]} 35. h4 {[%clk 00:35:31]} {[%emt 00:00:44]} Rb6 {[%clk 01:00:38]}
{[%emt 00:01:55]} 36. Qc3 {[%clk 00:35:20]} {[%emt 00:00:40]} Rxb2 {[%clk
01:00:29]} {[%emt 00:00:43]} 37. h5 {[%clk 00:34:57]} {[%emt 00:00:50]} Qe2
{[%clk 01:00:08]} {[%emt 00:00:49]} 38. hxg6 {[%clk 00:34:53]} {[%emt
00:00:37]} Ra2+ {[%clk 01:00:08]} {[%emt 00:00:31]} 39. Kb1 {[%clk 00:35:17]}
{[%emt 00:00:06]} Nxa3+ {[%clk 01:00:08]} {[%emt 00:00:31]} 40. Kc1 {[%clk
00:35:22]} {[%emt 00:00:24]} Rc2+ {[%clk 01:00:34]} {[%emt 00:00:05]} 41. Qxc2
{[%clk 00:35:35]} {[%emt 00:00:17]} Qxc2# {[%emt 00:00:05]} 0-1

[Event "DEM U10 2021"]
[Site "Willingen GER"]
[Date "2021.08.29"]
[Round "11"]
[White "Zimmer, Tim"]
[Black "Guo, Felix"]
[Result "1/2-1/2"]
[Termination "normal"]
[Board "17"]
[WhiteElo "1013"]
[BlackElo "1045"]
[WhiteClock "00:08:58"]
[BlackClock "01:08:17"]
[PlyCount "49"]
[WhiteFideId "34603115"]
[BlackFideId "16277104"]
[EventCountry "GER"]
[EventRounds "11"]
[EventType "swiss"]
[EventDate "2021.08.22"]

1. e4 {[%clk 01:15:55]} {[%emt 00:00:04]} d6 {[%clk 01:15:45]} {[%emt
00:00:15]} 2. d4 {[%clk 01:16:03]} {[%emt 00:00:24]} Nf6 {[%clk 01:15:58]}
{[%emt 00:00:16]} 3. Nc3 {[%clk 01:15:51]} {[%emt 00:00:42]} g6 {[%clk
01:15:43]} {[%emt 00:00:42]} 4. Be3 {[%emt 00:05:24]} Bg7 {[%clk 01:15:37]}
{[%emt 00:00:09]} 5. Qd2 {[%clk 01:10:56]} {[%emt 00:01:01]} O-O {[%clk
01:15:26]} {[%emt 00:00:41]} 6. O-O-O {[%clk 01:10:31]} {[%emt 00:00:55]} Nbd7
{[%clk 01:14:46]} {[%emt 00:01:09]} 7. f3 {[%clk 01:08:25]} {[%emt 00:02:35]}
e5 {[%clk 01:14:43]} {[%emt 00:00:35]} 8. d5 {[%clk 01:07:33]} {[%emt
00:01:22]} Nb6 {[%clk 01:14:06]} {[%emt 00:01:07]} 9. h4 {[%clk 01:06:19]}
{[%emt 00:01:44]} Nh5 {[%clk 01:13:07]} {[%emt 00:01:28]} 10. g4 {[%clk
00:51:44]} {[%emt 00:15:06]} Ng3 {[%clk 01:13:26]} {[%emt 00:00:11]} 11. Rh2
{[%clk 00:51:06]} {[%emt 00:01:07]} Nxf1 {[%clk 01:13:38]} {[%emt 00:00:18]}
12. Rxf1 {[%clk 00:51:16]} {[%emt 00:00:21]} Nc4 {[%clk 01:13:56]} {[%emt
00:00:12]} 13. Qe2 {[%clk 00:51:03]} {[%emt 00:00:43]} Nxe3 {[%clk 01:13:54]}
{[%emt 00:00:31]} 14. Qxe3 {[%clk 00:51:26]} {[%emt 00:00:07]} b5 {[%clk
01:13:55]} {[%emt 00:00:30]} 15. h5 {[%clk 00:39:20]} {[%emt 00:12:36]} Bf6
{[%clk 01:13:20]} {[%emt 00:01:04]} 16. Kb1 {[%clk 00:37:53]} {[%emt 00:01:57]}
Bg5 {[%clk 01:13:09]} {[%emt 00:00:41]} 17. Qf2 {[%clk 00:35:18]} {[%emt
00:03:05]} Ba6 {[%clk 01:11:48]} {[%emt 00:01:51]} 18. hxg6 {[%clk 00:28:04]}
{[%emt 00:07:44]} fxg6 {[%clk 01:12:04]} {[%emt 00:00:15]} 19. Nh3 {[%clk
00:25:59]} {[%emt 00:02:35]} b4 {[%clk 01:10:46]} {[%emt 00:01:48]} 20. Nxg5
{[%clk 00:25:03]} {[%emt 00:01:26]} Qxg5 {[%clk 01:10:00]} {[%emt 00:01:16]}
21. Ne2 {[%clk 00:24:16]} {[%emt 00:01:17]} Bc8 {[%clk 01:09:45]} {[%emt
00:00:45]} 22. Rfh1 {[%clk 00:21:23]} {[%emt 00:03:23]} Rf7 {[%clk 01:09:02]}
{[%emt 00:01:10]} 23. Rh4 {[%clk 00:18:10]} {[%emt 00:03:41]} Bxg4 {[%clk
01:08:27]} {[%emt 00:01:08]} 24. Rg1 {[%clk 00:09:11]} {[%emt 00:09:30]} Rxf3
{[%clk 01:08:17]} {[%emt 00:00:40]} 25. Qxf3 {[%clk 00:08:58]} {[%emt
00:00:43]} 1/2-1/2

[Event "DEM U10 2021"]
[Site "Willingen GER"]
[Date "2021.08.29"]
[Round "11"]
[White "Ley, Cornelius"]
[Black "Heitmann, Erik"]
[Result "1-0"]
[Termination "normal"]
[Board "19"]
[WhiteElo "1447"]
[BlackElo "1262"]
[WhiteClock "01:00:26"]
[BlackClock "00:52:52"]
[PlyCount "65"]
[WhiteFideId "34608907"]
[BlackFideId "34608940"]
[EventCountry "GER"]
[EventRounds "11"]
[EventType "swiss"]
[EventDate "2021.08.22"]

1. e4 {[%clk 01:15:58]} {[%emt 00:00:01]} c5 {[%clk 01:15:52]} {[%emt
00:00:08]} 2. Nc3 {[%clk 01:16:24]} {[%emt 00:00:04]} e6 {[%clk 01:16:07]}
{[%emt 00:00:15]} 3. f4 {[%clk 01:16:26]} {[%emt 00:00:28]} Nc6 {[%clk
01:16:14]} {[%emt 00:00:23]} 4. Nf3 {[%clk 01:16:44]} {[%emt 00:00:12]} b6
{[%clk 01:16:06]} {[%emt 00:00:39]} 5. Bc4 {[%clk 01:16:55]} {[%emt 00:00:19]}
Bb7 {[%clk 01:16:06]} {[%emt 00:00:29]} 6. d3 {[%clk 01:17:18]} {[%emt
00:00:07]} Nf6 {[%clk 01:15:08]} {[%emt 00:01:28]} 7. O-O {[%clk 01:17:21]}
{[%emt 00:00:28]} Be7 {[%clk 01:15:14]} {[%emt 00:00:24]} 8. a3 {[%clk
01:17:37]} {[%emt 00:00:14]} O-O {[%clk 01:15:24]} {[%emt 00:00:19]} 9. Qe1
{[%clk 01:17:56]} {[%emt 00:00:12]} d5 {[%clk 01:15:04]} {[%emt 00:00:50]} 10.
Ba2 {[%clk 01:15:55]} {[%emt 00:02:32]} dxe4 {[%clk 01:14:24]} {[%emt
00:01:10]} 11. dxe4 {[%clk 01:16:09]} {[%emt 00:00:15]} Nd4 {[%clk 01:14:22]}
{[%emt 00:00:33]} 12. Nxd4 {[%clk 01:15:35]} {[%emt 00:01:04]} Qxd4+ {[%clk
01:13:47]} {[%emt 00:01:05]} 13. Be3 {[%clk 01:15:05]} {[%emt 00:00:59]} Qd7
{[%clk 01:13:32]} {[%emt 00:00:44]} 14. e5 {[%clk 01:13:05]} {[%emt 00:02:32]}
Qc6 {[%clk 01:12:52]} {[%emt 00:01:10]} 15. Qg3 {[%clk 01:10:10]} {[%emt
00:03:24]} Ne4 {[%clk 01:12:05]} {[%emt 00:01:18]} 16. Nxe4 {[%clk 01:10:25]}
{[%emt 00:00:14]} Qxe4 {[%clk 01:12:23]} {[%emt 00:00:31]} 17. f5 {[%clk
01:06:25]} {[%emt 00:04:11]} Bh4 {[%clk 01:10:52]} {[%emt 00:02:09]} 18. Qh3
{[%clk 01:06:10]} {[%emt 00:00:35]} exf5 {[%clk 01:10:23]} {[%emt 00:01:00]}
19. Rac1 {[%clk 01:02:17]} {[%emt 00:04:23]} Qxe5 {[%clk 01:09:07]} {[%emt
00:01:45]} 20. Rxf5 {[%clk 01:01:07]} {[%emt 00:01:41]} Qxb2 {[%clk 01:08:30]}
{[%emt 00:01:07]} 21. Bb3 {[%clk 01:00:14]} {[%emt 00:01:23]} Qc3 {[%clk
01:07:03]} {[%emt 00:01:44]} 22. Rcf1 {[%clk 01:00:02]} {[%emt 00:00:55]} c4
{[%clk 01:06:23]} {[%emt 00:01:10]} 23. Rxf7 {[%clk 00:58:16]} {[%emt
00:02:16]} Rxf7 {[%clk 01:03:51]} {[%emt 00:03:01]} 24. Qe6 {[%clk 00:58:42]}
{[%emt 00:00:06]} Raf8 {[%clk 01:01:28]} {[%emt 00:02:51]} 25. Bxc4 {[%clk
00:58:59]} {[%emt 00:00:15]} Kh8 {[%clk 00:58:29]} {[%emt 00:03:27]} 26. Rxf7
{[%clk 00:58:22]} {[%emt 00:01:09]} Rb8 {[%clk 00:54:17]} {[%emt 00:04:33]} 27.
Rxb7 {[%clk 00:58:09]} {[%emt 00:00:52]} Qe1+ {[%clk 00:52:51]} {[%emt
00:01:56]} 28. Bf1 {[%clk 00:58:30]} {[%emt 00:00:09]} Bf2+ {[%clk 00:51:59]}
{[%emt 00:01:20]} 29. Bxf2 {[%clk 00:58:53]} {[%emt 00:00:08]} Qxe6 {[%clk
00:52:18]} {[%emt 00:00:12]} 30. Rxb8+ {[%clk 00:59:17]} {[%emt 00:00:05]} Qg8
{[%clk 00:52:33]} {[%emt 00:00:15]} 31. Rxg8+ {[%clk 00:59:42]} {[%emt
00:00:05]} Kxg8 {[%clk 00:52:44]} {[%emt 00:00:19]} 32. Bd3 {[%clk 01:00:02]}
{[%emt 00:00:11]} g6 {[%clk 00:52:52]} {[%emt 00:00:21]} 33. Bg3 {[%clk
01:00:26]} {[%emt 00:00:07]} 1-0